Adjudicator's Contract (Record no. 112921)

MARC details
000 -LEADER
fixed length control field 01099cam a2200289 4500
001 - CONTROL NUMBER
control field L154183
008 - FIXED-LENGTH DATA ELEMENTS--GENERAL INFORMATION
fixed length control field 050720n2010 000 0 eng u
020 ## - INTERNATIONAL STANDARD BOOK NUMBER
International Standard Book Number 0727733745
035 ## - SYSTEM CONTROL NUMBER
System control number (Sirsi) u154281
041 0# - LANGUAGE CODE
Language code of text/sound track or separate title eng
050 04 - LIBRARY OF CONGRESS CALL NUMBER
Classification number 624.04 $2 18
110 2# - MAIN ENTRY--CORPORATE NAME
Corporate name or jurisdiction name as entry element Institution of Civil Engineers
9 (RLIN) 1402
245 ## - TITLE STATEMENT
Title Adjudicator's Contract
250 ## - EDITION STATEMENT
Edition statement 3rd ed.
260 ## - PUBLICATION, DISTRIBUTION, ETC.
Place of publication, distribution, etc. London
Name of publisher, distributor, etc. Thomas Telford
Date of publication, distribution, etc. 2010
300 ## - PHYSICAL DESCRIPTION
Extent iv, 7p.
Dimensions 30cm.
350 ## - PRICE (NR) (BK AM CF MU VM SE) [OBSOLETE]
Price 15
490 ## - SERIES STATEMENT
Series statement New Engineering Contract (Third Edition)
Volume/sequential designation Adjudicator's Contract (Third Edition)
520 ## - SUMMARY, ETC.
Summary, etc. Although intended for use to appoint an adjudicator to resolve disputes under the NEC3 suite of contracts, it may also be used in conjunction with other forms.
590 ## - LOCAL NOTE (RLIN)
Local note Supersedes second edition (ISBN 0727726366).
650 24 - SUBJECT ADDED ENTRY--TOPICAL TERM
Topical term or geographic name entry element NEW ENGINEERING CONTRACT (THIRD EDITION)
650 24 - SUBJECT ADDED ENTRY--TOPICAL TERM
Topical term or geographic name entry element NEC ADJUDICATOR'S CONTRACT (THIRD EDITION)
651 #4 - SUBJECT ADDED ENTRY--GEOGRAPHIC NAME
Geographic name ENGLAND AND WALES
690 ## - LOCAL SUBJECT ADDED ENTRY--TOPICAL TERM (OCLC, RLIN)
Topical term or geographic name as entry element BUILT ENVIRONMENT-BUILDING CONTRACT FORMS-STANDARD FORMS OF BUILDING CONTRACT-NEW ENGINEERING CONTRACT CONTRACTS
942 ## - ADDED ENTRY ELEMENTS (KOHA)
Suppress in OPAC 0
Holdings
Withdrawn status Lost status Source of classification or shelving scheme Damaged status Not for loan Home library Current library Shelving location Date acquired Total Checkouts Full call number Barcode Date last seen Copy number Price effective from Koha item type
    Dewey Decimal Classification     London London Basement 09/11/2011   BASEMENT 30079576 06/08/2019 1 06/08/2019 Book